| 000 | 00771nam a2200229 i 4500 | ||
|---|---|---|---|
| 001 | 96816 | ||
| 003 | ES-MaACL | ||
| 005 | 20250824063037.0 | ||
| 007 | t| | ||
| 008 | 050701s1985 sp |||| | spa d | ||
| 020 | _a84-7335-067-7 | ||
| 100 | 1 |
_aManfredi Cano, Domingo, _d1918-1998 _975997 |
|
| 245 | 1 | 1 |
_a¿Lorca? ¡¡y doscientos más!! / _cDomingo Manfredi Cano. |
| 260 |
_aMadrid : _bVassallo de Mumbert, _c1985. |
||
| 300 |
_aVIII, 130 p. ; _c18 cm. |
||
| 490 | 1 | _aEspaña, continente nuestro | |
| 650 | 4 |
_aEscritores españoles- _yS.XX- _xBiografías. _9161527 |
|
| 651 | 4 |
_aEspaña- _xHistoria- _y1936-1939, Guerra civil- _xAtrocidades. _98296 |
|
| 830 | 0 |
_aEspaña, continente nuestro _9183634 |
|
| 852 |
_aES-MaACL _jL-11732 |
||
| 999 |
_c96816 _d96816 |
||